[Event "Rilton Cup 2013-14"]
[Site "Stockholm SWE"]
[Date "2014.01.05"]
[Round "9.2"]
[White "Goganov, Aleksey"]
[Black "Grandelius, Nils"]
[Result "1/2-1/2"]
[WhiteTitle "GM"]
[BlackTitle "GM"]
[WhiteElo "2581"]
[BlackElo "2576"]
[WhiteFideId "24109959"]
[BlackFideId "1710400"]
[EventDate "2013.12.27"]

1. Nf3 Nf6 2. c4 g6 3. Nc3 d5 4. cxd5 Nxd5 5. Qb3 Nb6 6. d4 Bg7 7. Bf4 Be6 8.
Qa3 O-O 9. e3 N8d7 10. Rd1 c6 11. Ng5 Bd5 12. e4 Bc4 13. Bxc4 Nxc4 14. Qb3 e5
15. Qxc4 exf4 16. Nf3 c5 17. dxc5 Bxc3+ 18. bxc3 Qe7 19. c6 Nb6 20. Qb4 Rfe8 21.
Qxe7 Rxe7 22. cxb7 Rxb7 23. Rd4 Na4 24. Rb4 Rxb4 25. cxb4 Rb8 26. Kd2 Rxb4 27.
Rc1 Nb6 28. Kd3 Ra4 29. Rc2 Kg7 30. h4 Kf6 31. Rc6+ Ke7 32. Rc7+ Ke8 33. Ng5
Ra3+ 34. Kd4 Rxa2 35. Nxf7 Rd2+ 36. Ke5 Rd7 37. Nd6+ Ke7 38. Nb5 Rxc7 39. Nxc7
Nd7+ 40. Kxf4 a5 41. Nb5 Kf6 42. Ke3 h6 43. f4 g5 44. g3 gxh4 45. gxh4 Nc5 46.
Nd6 a4 47. Nc4 Na6 48. Kd4 Nc7 49. Na3 Ne6+ 50. Ke3 Nc5 51. f5 Ke5 52. Nc4+ Kf6
53. Kd4 Nd7 54. Kd5 Nf8 55. Kd6 Nh7 56. Kc5 a3 57. Nxa3 Ke5 58. Nc4+ Kxe4 1/2-1/2

[Event "Rilton Cup 2013-14"]
[Site "Stockholm SWE"]
[Date "2014.01.05"]
[Round "9.3"]
[White "Piorun, Kacper"]
[Black "Hillarp Persson, Tiger"]
[Result "0-1"]
[WhiteTitle "GM"]
[BlackTitle "GM"]
[WhiteElo "2560"]
[BlackElo "2551"]
[WhiteFideId "1130420"]
[BlackFideId "1700812"]
[EventDate "2013.12.27"]

1. d4 Nf6 2. c4 g6 3. Nc3 Bg7 4. e4 d6 5. Nf3 O-O 6. Be2 e5 7. O-O Nc6 8. Be3
Ng4 9. Bg5 f6 10. Bh4 Kh8 11. d5 Ne7 12. Nd2 Nh6 13. f3 c5 14. a3 b6 15. b4 f5
16. bxc5 bxc5 17. Qa4 Bd7 18. Qa6 Bc8 19. Qa4 Bd7 20. Qa6 Bc8 21. Qb5 Nf7 22.
Nb3 a5 23. Qa4 Bh6 24. Bf2 Bd7 25. Nb5 Ng8 26. exf5 gxf5 27. Nc1 Nf6 28. Qd1 Rg8
29. Nc3 Nh5 30. Nd3 Qg5 31. g3 Qh4 32. Kg2 Nxg3 33. hxg3 Rxg3+ 34. Bxg3 Rg8 35.
Qe1 f4 36. Rh1 Rxg3+ 37. Qxg3 Qxg3+ 38. Kf1 Bh3+ 39. Rxh3 Qxh3+ 40. Kg1 Ng5 41.
Nf2 Nxf3+ 42. Bxf3 Qxf3 43. Nce4 Bg5 44. Nxd6 Qg3+ 45. Kf1 f3 46. Nf7+ Kg7 0-1

[Event "Rilton Cup 2013-14"]
[Site "Stockholm SWE"]
[Date "2014.01.05"]
[Round "9.4"]
[White "Sjodahl, Pontus"]
[Black "Socko, Bartosz"]
[Result "0-1"]
[WhiteTitle "IM"]
[BlackTitle "GM"]
[WhiteElo "2420"]
[BlackElo "2657"]
[WhiteFideId "1700537"]
[BlackFideId "1107038"]
[EventDate "2013.12.27"]

1. d4 Nf6 2. c4 e6 3. Nc3 Bb4 4. e3 O-O 5. Ne2 d5 6. a3 Be7 7. cxd5 exd5 8. Nf4
c6 9. Bd3 Bd6 10. O-O Re8 11. f3 a5 12. Bc2 Bxf4 13. exf4 b6 14. f5 h6 15. Bf4
Ba6 16. Rf2 Nbd7 17. g4 Nh7 18. Kg2 Qe7 19. Qd2 b5 20. Na2 Bb7 21. Nc1 Qf6 22.
Qc3 c5 23. dxc5 d4 24. Qd2 Nxc5 25. Nd3 Nd7 26. Re1 Rxe1 27. Qxe1 h5 28. h3 hxg4
29. hxg4 Qh4 30. Kg1 Ng5 31. Bxg5 Qxg5 32. Bd1 Nf6 33. Qd2 Qe3 34. Qxe3 dxe3 35.
Rc2 Rd8 36. Be2 Bxf3 37. Bxf3 Rxd3 38. g5 Nd7 39. Rc8+ Kh7 40. Rd8 Rd2 41. Re8
f6 42. Rxe3 fxg5 43. Bc6 g4 44. Bxb5 Nf6 45. Re2 Rd1+ 46. Kf2 Kh6 47. Bc6 Rc1
48. Ba4 Kg5 49. Rc2 Rb1 50. Ke3 Nd5+ 51. Kd4 Rd1+ 52. Kc5 Ne3 53. Re2 Rd5+ 54.
Kc6 Kf4 55. b4 Kf3 56. Ra2 g3 57. Bb5 axb4 58. Bf1 Nxf1 59. Kxd5 b3 60. Rb2 g2 0-1

[Event "Rilton Cup 2013-14"]
[Site "Stockholm SWE"]
[Date "2014.01.05"]
[Round "9.6"]
[White "Krasenkow, Michal"]
[Black "Semcesen, Daniel"]
[Result "1-0"]
[WhiteTitle "GM"]
[BlackTitle "IM"]
[WhiteElo "2633"]
[BlackElo "2488"]
[WhiteFideId "1113100"]
[BlackFideId "1706993"]
[EventDate "2013.12.27"]

1. Nf3 f5 2. d3 Nc6 3. d4 e6 4. Bg5 Nf6 5. Nbd2 Be7 6. c3 O-O 7. Qc2 d6 8. e3
Bd7 9. h3 e5 10. dxe5 dxe5 11. g4 h6 12. Bxf6 Rxf6 13. gxf5 Bxf5 14. Ne4 Kh8 15.
Bd3 Bh7 16. Nfd2 Rf8 17. O-O-O Qd5 18. Bc4 Qd7 19. Nf1 Qe8 20. h4 Rd8 21. Nfg3
Rxd1+ 22. Qxd1 Qc8 23. Qh5 Qe8 24. Qxe8 Rxe8 25. Kd1 Rd8+ 26. Ke2 Nb8 27. h5 Nd7
28. Be6 Nf6 29. Nxf6 Bd3+ 30. Kf3 Bxf6 31. Bf5 Bxf5 32. Nxf5 Rd2 33. Rb1 Kg8 34.
Ng3 Kf7 35. Ne4 Rc2 36. Rd1 Rxb2 37. Rd7+ Be7 38. Rxc7 Ke6 39. c4 a5 40. a4 b6
41. Nc3 Rc2 42. Nb5 Bc5 43. Rxg7 Rxc4 44. Rg6+ Kf5 45. Rxb6 Rxa4 46. Rxh6 Rh4
47. Nc7 Bf8 48. Ra6 Rh3+ 49. Kg2 Rxh5 50. Rxa5 Rh7 51. Nd5 Rb7 52. Ra6 Bg7 53.
f3 e4 54. f4 Rd7 55. Nb6 Rd2+ 56. Kg3 Bc3 57. Nc4 Rd3 58. Nd6+ Ke6 59. Nxe4+ Ke7
60. Ra7+ Ke8 61. Kf3 Bd4 62. Nd6+ Kd8 63. Ra8+ Kd7 64. Ke4 Rd1 65. exd4 1-0

[Event "Rilton Cup 2013-14"]
[Site "Stockholm SWE"]
[Date "2014.01.05"]
[Round "9.7"]
[White "Lintchevski, Daniil"]
[Black "Socko, Monika"]
[Result "1-0"]
[WhiteTitle "GM"]
[BlackTitle "GM"]
[WhiteElo "2541"]
[BlackElo "2440"]
[WhiteFideId "4171055"]
[BlackFideId "1106619"]
[EventDate "2013.12.27"]

1. e4 c5 2. Nf3 Nc6 3. d4 cxd4 4. Nxd4 g6 5. c4 Nf6 6. Nc3 Nxd4 7. Qxd4 d6 8. f3
Bg7 9. Be3 O-O 10. Qd2 a5 11. Na4 Nd7 12. Rd1 b6 13. b3 Bb7 14. Be2 Nc5 15. Nc3
f5 16. exf5 Rxf5 17. O-O Qd7 18. f4 Rf7 19. Nd5 Raf8 20. Bf3 Qd8 21. Bg4 Kh8 22.
g3 e6 23. Nc3 d5 24. cxd5 exd5 25. Bd4 Qa8 26. Bxg7+ Rxg7 27. Qd4 Ne4 28. Nxe4
dxe4 29. Qxb6 a4 30. b4 Qa6 31. Qxa6 Bxa6 32. Rfe1 Re7 33. Re3 Bc8 34. Be2 Bd7
35. Rc3 Be6 36. a3 Kg7 37. Rd6 Bb3 38. b5 Rf6 39. Rxf6 Kxf6 40. Kf2 Ke6 41. Bc4+
Bxc4 42. Rxc4 Kd5 43. Rb4 Rb7 44. b6 h6 45. Ke3 g5 46. f5 g4 47. f6 Ke6 48. Kxe4 1-0

[Event "Rilton Cup 2013-14"]
[Site "Stockholm SWE"]
[Date "2014.01.05"]
[Round "9.8"]
[White "Furhoff, Johan"]
[Black "Urkedal, Frode"]
[Result "0-1"]
[WhiteTitle "IM"]
[BlackTitle "IM"]
[WhiteElo "2318"]
[BlackElo "2492"]
[WhiteFideId "1701797"]
[BlackFideId "1506102"]
[EventDate "2013.12.27"]

1. e4 e5 2. f4 exf4 3. Nf3 Be7 4. Bc4 Nf6 5. e5 Ng4 6. d4 Bh4+ 7. Kf1 Ne3+ 8.
Bxe3 fxe3 9. Qd3 O-O 10. Nc3 Nc6 11. Qe4 Bf2 12. Bd3 g6 13. d5 Nb8 14. d6 cxd6
15. exd6 Qb6 16. Nd5 Qxd6 17. h4 Nc6 18. h5 b5 19. Nxe3 Bxe3 20. Qxe3 Qf6 21.
Re1 Bb7 22. Bxb5 Qxb2 23. Bxc6 Bxc6 24. Nd4 Rae8 25. Qxe8 Rxe8 26. Rxe8+ Kg7 27.
Rh4 Qc1+ 28. Kf2 f5 29. Re7+ Kf6 30. Rxh7 g5 31. Rh6+ Kf7 32. Ne2 Qxc2 33. Rh3
f4 34. Rc3 Qxa2 35. Rc5 Qb2 36. Rh7+ Kg8 37. Re7 Qb6 38. Re5 d6 39. Rxg5+ Kh7 0-1

[Event "Rilton Cup 2013-14"]
[Site "Stockholm SWE"]
[Date "2014.01.05"]
[Round "9.9"]
[White "Cramling, Pia"]
[Black "Smirnov, Artem"]
[Result "1/2-1/2"]
[WhiteTitle "GM"]
[BlackTitle "IM"]
[WhiteElo "2525"]
[BlackElo "2418"]
[WhiteFideId "1700030"]
[BlackFideId "4143256"]
[EventDate "2013.12.27"]

1. Nf3 Nf6 2. c4 e6 3. g3 b6 4. Bg2 Bb7 5. O-O c5 6. b3 Be7 7. Bb2 O-O 8. e3 a6
9. Qe2 d6 10. Nc3 Nbd7 11. Rfd1 Qc7 12. d4 Rfe8 13. Rac1 Ne4 14. Nxe4 Bxe4 15.
Ne1 Bxg2 16. Nxg2 Nf6 17. Nf4 Qb7 18. dxc5 dxc5 19. Nh5 Nxh5 20. Qxh5 Qc6 21.
Rd2 Rad8 22. Rcd1 Rxd2 23. Rxd2 Rd8 24. Rxd8+ Bxd8 25. Qe5 f6 26. Qb8 Qd7 27.
Qa8 Qd2 28. Bd4 cxd4 29. Qxd8+ Kf7 30. Qxd4 Qxa2 31. Qd7+ Kf8 32. Qc8+ Kf7 33.
Qd7+ Kf8 34. Qc8+ Kf7 35. Qb7+ Kf8 36. Kg2 Qxb3 37. c5 b5 38. e4 Qc4 39. Qc6 b4
40. Qd6+ Kf7 41. c6 b3 42. c7 b2 43. Qd7+ Kg6 44. c8=Q Qxe4+ 45. Kh3 Qf5+ 46. g4
Qf3+ 47. Kh4 Qxf2+ 48. Kh3 Qe3+ 49. Kg2 Qe2+ 50. Kh3 Qe3+ 51. Kg2 Qe4+ 52. Kh3
Qf3+ 53. Kh4 Qf2+ 1/2-1/2

[Event "Rilton Cup 2013-14"]
[Site "Stockholm SWE"]
[Date "2014.01.05"]
[Round "9.10"]
[White "Tikkanen, Hans"]
[Black "Bejtovic, Jasmin"]
[Result "1-0"]
[WhiteTitle "GM"]
[BlackTitle "IM"]
[WhiteElo "2548"]
[BlackElo "2402"]
[WhiteFideId "1706446"]
[BlackFideId "14400936"]
[EventDate "2013.12.27"]

1. d4 Nf6 2. c4 g6 3. Nc3 Bg7 4. e4 d6 5. h3 O-O 6. Be3 Na6 7. Bd3 e5 8. d5 Nc5
9. Bc2 a5 10. Qd2 Nh5 11. O-O-O f5 12. exf5 gxf5 13. g4 Nf4 14. gxf5 Bxf5 15.
Bxf5 Rxf5 16. Bxc5 dxc5 17. Ne4 Qf8 18. Kb1 a4 19. a3 Ra6 20. Qc2 Ng6 21. Ne2
Nh4 22. N2g3 Rf4 23. Ng5 Rg6 24. Ne6 Qf7 25. Ne4 Rf5 26. Nd8 Qe7 27. Nxb7 Nf3
28. Nbxc5 Nd4 29. Qxa4 Qh4 30. Qd7 Rf7 31. Qc8+ Bf8 32. Rhe1 Qh5 33. Nd3 Nf3 34.
Re3 Nd4 35. Rde1 Nf3 36. Rc1 Kg7 37. Ka2 Qh4 38. Ng3 Qg5 39. c5 e4 40. Nb4 Nd2
41. h4 Qe5 42. Re2 Qd4 43. Nf5+ Rxf5 44. Qxf5 Qxb4 45. Qxg6+ 1-0

[Event "Rilton Cup 2013-14"]
[Site "Stockholm SWE"]
[Date "2014.01.05"]
[Round "9.11"]
[White "Sagit, Rauan"]
[Black "Blomqvist, Erik"]
[Result "0-1"]
[WhiteTitle "FM"]
[BlackTitle "GM"]
[WhiteElo "2369"]
[BlackElo "2519"]
[WhiteFideId "1708376"]
[BlackFideId "1709437"]
[EventDate "2013.12.27"]

1. e4 c5 2. Nf3 d6 3. d4 cxd4 4. Nxd4 Nf6 5. Nc3 a6 6. Bc4 e6 7. O-O b5 8. Bb3
Be7 9. Qf3 Qb6 10. Be3 Qb7 11. Qg3 Nbd7 12. f3 Nc5 13. a4 b4 14. Na2 O-O 15. a5
e5 16. Nf5 Bxf5 17. Bxc5 Bxe4 18. Bxb4 Bd5 19. c4 Be6 20. Rac1 Rfc8 21. Rfd1 Rc6
22. Rc3 Rac8 23. Rdc1 Nh5 24. Qf2 Nf4 25. Qf1 h5 26. Ba4 Qa7+ 27. c5 dxc5 28.
Kh1 R6c7 29. Ba3 Bxa2 30. b3 c4 31. Bxe7 cxb3 32. Rxc7 Rxc7 33. Bd6 Rxc1 34.
Qxc1 Qf2 35. Qc8+ Kh7 36. Qf5+ Kh6 0-1

[Event "Rilton Cup 2013-14"]
[Site "Stockholm SWE"]
[Date "2014.01.05"]
[Round "9.12"]
[White "Von Bahr, Oskar"]
[Black "Mihok, Oliver"]
[Result "1-0"]
[WhiteTitle "FM"]
[BlackTitle "IM"]
[WhiteElo "2298"]
[BlackElo "2466"]
[WhiteFideId "1703250"]
[BlackFideId "728012"]
[EventDate "2013.12.27"]

1. e4 e5 2. f4 Bc5 3. Nf3 d6 4. Nc3 Nf6 5. Bc4 Nc6 6. d3 O-O 7. Na4 Bg4 8. Nxc5
dxc5 9. O-O Bxf3 10. gxf3 Nh5 11. fxe5 Nxe5 12. Bb3 c4 13. f4 Nxf4 14. Bxf4 Qd4+
15. Rf2 cxb3 16. c3 Qxd3 17. Bxe5 Qxe4 18. Qd4 Qxd4 19. cxd4 c6 20. axb3 f6 21.
Bg3 Rfe8 22. Rd2 Re3 23. Ra3 a6 24. b4 Rae8 25. Rxe3 Rxe3 26. Kf2 Rb3 27. Bd6 g5
28. Re2 f5 29. Re7 Rxb2+ 30. Kf3 Rb3+ 31. Ke2 b5 32. Rc7 Rb2+ 33. Kd3 Rb3+ 34.
Kd2 Rh3 35. Rxc6 f4 36. d5 Rxh2+ 37. Kd3 Rh1 38. Ke4 Rd1 39. Bc5 f3 40. Rf6 g4
41. d6 h5 42. Bd4 Re1+ 43. Kd5 Re8 44. d7 1-0

[Event "Rilton Cup 2013-14"]
[Site "Stockholm SWE"]
[Date "2014.01.05"]
[Round "9.13"]
[White "Akesson, Ralf"]
[Black "Luukkonen, Tommi"]
[Result "0-1"]
[WhiteTitle "GM"]
[BlackTitle "FM"]
[WhiteElo "2448"]
[BlackElo "2285"]
[WhiteFideId "1700120"]
[BlackFideId "501808"]
[EventDate "2013.12.27"]

1. d4 d6 2. Nf3 Bg4 3. e4 Nf6 4. Bd3 Nc6 5. c3 e5 6. d5 Ne7 7. c4 g6 8. Nc3 Bg7
9. Be3 Nh5 10. g3 O-O 11. Be2 Bd7 12. Nh4 Nf6 13. g4 c6 14. g5 cxd5 15. cxd5 Nh5
16. Bxh5 gxh5 17. Qxh5 Qc8 18. Rg1 b5 19. Rc1 Qa6 20. a3 Qb7 21. Ne2 Rac8 22.
Ng3 Rxc1+ 23. Bxc1 b4 24. Qd1 Rc8 25. Be3 bxa3 26. bxa3 Rc4 27. Nhf5 Nxf5 28.
Nxf5 Ba4 29. Qa1 Bf8 30. Rg4 Qb5 31. Ng3 Rc2 32. Bd2 Qd3 33. Nf1 Bb5 0-1

[Event "Rilton Cup 2013-14"]
[Site "Stockholm SWE"]
[Date "2014.01.05"]
[Round "9.14"]
[White "Tsyhanchuk, Stanislav"]
[Black "Eggleston, David J"]
[Result "1-0"]
[WhiteTitle "IM"]
[BlackTitle "FM"]
[WhiteElo "2398"]
[BlackElo "2434"]
[WhiteFideId "13505130"]
[BlackFideId "412120"]
[EventDate "2013.12.27"]

1. e4 c5 2. Nf3 d6 3. d4 cxd4 4. Nxd4 Nf6 5. Nc3 a6 6. Be3 e5 7. Nb3 Be6 8. Qd2
Nbd7 9. O-O-O Rc8 10. f4 b5 11. Kb1 Be7 12. h3 exf4 13. Bxf4 Ne5 14. g4 O-O 15.
g5 Nfd7 16. Nd5 Bxd5 17. exd5 Nc4 18. Bxc4 bxc4 19. Nd4 c3 20. Qe3 Qb6 21. b3
Rfe8 22. Rhe1 Ne5 23. Bxe5 dxe5 24. Nc6 Qxe3 25. Rxe3 Bxg5 26. Rxc3 Rc7 27. d6
Rd7 28. Rc5 Bf6 29. Na5 e4 30. Rc7 Rxc7 31. dxc7 Rc8 32. Re1 Rxc7 33. Rxe4 g5
34. Nc4 Rd7 35. Ne3 h5 36. c4 Kg7 37. c5 Kg6 38. c6 Rc7 39. Rc4 Bd8 40. Nd5 f5
41. Nxc7 Bxc7 42. Kc2 g4 43. hxg4 fxg4 44. Kd2 Kf5 45. Rd4 g3 46. Ke2 Ke6 47.
Kf3 Bb6 48. Ra4 a5 49. Kxg3 Bd8 50. Rd4 h4+ 51. Kg4 Ke7 52. Kxh4 1-0

[Event "Rilton Cup 2013-14"]
[Site "Stockholm SWE"]
[Date "2014.01.05"]
[Round "9.16"]
[White "Krupenski, Juri"]
[Black "Ornstein, Axel"]
[Result "1/2-1/2"]
[WhiteTitle "FM"]
[BlackTitle "IM"]
[WhiteElo "2300"]
[BlackElo "2334"]
[WhiteFideId "4501101"]
[BlackFideId "1700111"]
[EventDate "2013.12.27"]

1. d4 Nf6 2. c4 e6 3. Nf3 c5 4. d5 d6 5. Nc3 exd5 6. cxd5 g6 7. Bf4 Bg7 8. Qa4+
Bd7 9. Qb3 Qc7 10. e4 O-O 11. Nd2 Nh5 12. Be3 f5 13. exf5 Bxf5 14. Be2 Nf6 15.
O-O a6 16. a4 Nbd7 17. h3 Ne5 18. a5 Rae8 19. Na4 Nf7 20. Nb6 g5 21. Ra4 h5 22.
Bd3 Bxd3 23. Qxd3 g4 24. b4 gxh3 25. gxh3 Ne5 26. Qc2 c4 27. Ra3 Qf7 28. Qf5 Qc7
29. Kh1 c3 30. Qc2 Qf7 31. Qxc3 Nxd5 32. Qb3 Nxe3 33. fxe3 Qxb3 34. Rxb3 Rxf1+
35. Nxf1 Kf7 36. Ng3 Kg6 37. e4 Nc6 38. Nf5 Rxe4 39. Nxd6 Rxb4 40. Rxb4 Nxb4 41.
Nxb7 Nc6 1/2-1/2

[Event "Rilton Cup 2013-14"]
[Site "Stockholm SWE"]
[Date "2014.01.05"]
[Round "9.17"]
[White "Lissang, Christopher"]
[Black "Poley, Vladimir"]
[Result "1/2-1/2"]
[BlackTitle "IM"]
[WhiteElo "2240"]
[BlackElo "2300"]
[WhiteFideId "1709615"]
[BlackFideId "13500090"]
[EventDate "2013.12.27"]

1. e4 c6 2. d4 Na6 3. c4 g6 4. Nf3 Bg7 5. Nc3 d6 6. h3 Nf6 7. Be2 O-O 8. O-O e5
9. dxe5 dxe5 10. Qxd8 Rxd8 11. Be3 Nh5 12. Rfd1 Re8 13. a3 Nf4 14. Bf1 h6 15. c5
Ne6 16. b4 Nac7 17. Bc4 Nf4 18. Kh2 Bf6 19. Bf1 h5 20. Nd2 1/2-1/2

[Event "Rilton Cup 2013-14"]
[Site "Stockholm SWE"]
[Date "2014.01.05"]
[Round "9.18"]
[White "Henriksson, Johan"]
[Black "Soderberg, Per"]
[Result "1-0"]
[WhiteTitle "FM"]
[WhiteElo "2266"]
[BlackElo "2183"]
[WhiteFideId "1703560"]
[BlackFideId "1702904"]
[EventDate "2013.12.27"]

1. d4 Nf6 2. Nf3 e6 3. g3 c5 4. Bg2 cxd4 5. Nxd4 Nc6 6. O-O d5 7. c4 Qb6 8. Nb5
a6 9. Be3 Qd8 10. N5c3 dxc4 11. Qxd8+ Nxd8 12. Nd2 Nd7 13. Nxc4 Bc5 14. Bf4 Nc6
15. Na4 Ba7 16. Rfd1 e5 17. Bxc6 bxc6 18. Nxe5 Nxe5 19. Bxe5 O-O 20. Bd4 Bf5 21.
Rac1 Rfe8 22. Bxa7 Rxa7 23. Rd2 h6 24. f3 Rc7 25. Kf2 g5 26. Rc5 Bc8 27. Nb6 Be6
28. b3 Rb8 29. Na4 Rb5 30. Rd6 Kg7 31. Rcxc6 Rxc6 32. Rxc6 a5 33. Rc5 Rxc5 34.
Nxc5 Bd5 35. e4 Bc6 36. Ke3 Kg6 37. Nd3 1-0

[Event "Rilton Cup 2013-14"]
[Site "Stockholm SWE"]
[Date "2014.01.05"]
[Round "9.19"]
[White "Englert, Fabian"]
[Black "Ramondino, Renzo"]
[Result "1/2-1/2"]
[BlackTitle "FM"]
[WhiteElo "2316"]
[BlackElo "2242"]
[WhiteFideId "24614467"]
[BlackFideId "810304"]
[EventDate "2013.12.27"]

1. d4 Nf6 2. c4 g6 3. Nc3 Bg7 4. Nf3 O-O 5. Bg5 c5 6. d5 h6 7. Bh4 d6 8. e3 Qa5
9. Nd2 Bf5 10. f3 g5 11. Bf2 a6 12. e4 Bg6 13. g4 Nbd7 14. h4 Ne8 15. Qc2 Be5
16. hxg5 hxg5 17. Be3 f6 18. O-O-O Kf7 19. Nb3 Qd8 20. Bd3 Nc7 1/2-1/2

[Event "Rilton Cup 2013-14"]
[Site "Stockholm SWE"]
[Date "2014.01.05"]
[Round "9.20"]
[White "Lindgren, Philip"]
[Black "Hammar, Bengt"]
[Result "0-1"]
[WhiteTitle "FM"]
[BlackTitle "FM"]
[WhiteElo "2301"]
[BlackElo "2234"]
[WhiteFideId "1713230"]
[BlackFideId "1700391"]
[EventDate "2013.12.27"]

1. d4 Nf6 2. c4 g6 3. Nc3 d5 4. cxd5 Nxd5 5. Bd2 Bg7 6. e4 Nxc3 7. Bxc3 c5 8. d5
Bxc3+ 9. bxc3 e6 10. Nf3 exd5 11. exd5 O-O 12. Be2 Bg4 13. O-O Nd7 14. Rb1 Rb8
15. Qa4 Bxf3 16. Bxf3 Ne5 17. Be4 f5 18. Bc2 a6 19. Rfe1 Qd6 20. f4 Nf7 21. Re6
Qxd5 22. Bb3 Qd3 23. Rbe1 b5 24. Qxa6 c4 25. Rxg6+ hxg6 26. Qxg6+ Kh8 27. Qh5+
Kg7 28. Re6 Rh8 29. Qg6+ Kf8 0-1

[Event "Rilton Cup 2013-14"]
[Site "Stockholm SWE"]
[Date "2014.01.05"]
[Round "9.22"]
[White "Nielsen, Rogvi Egilstoft"]
[Black "Jonsson, Emil"]
[Result "1-0"]
[WhiteElo "2252"]
[BlackElo "2076"]
[WhiteFideId "7200447"]
[BlackFideId "1712268"]
[EventDate "2013.12.27"]

1. e4 c5 2. c3 Nf6 3. e5 Nd5 4. d4 cxd4 5. cxd4 d6 6. Nf3 e6 7. Bc4 Nc6 8. O-O
Be7 9. Qe2 O-O 10. Qe4 Ndb4 11. Bb3 Na5 12. Bd1 Bd7 13. Nc3 Bc6 14. Qg4 f5 15.
exf6 Rxf6 16. d5 Nxd5 17. Bg5 Rf5 18. Bh6 Qf8 19. Nd4 Nxc3 20. bxc3 Rf6 21. Bg5
Rg6 22. h4 h5 23. Qxh5 Be4 24. Re1 Bxg5 25. Rxe4 Rf6 26. hxg5 Rxf2 27. Bf3 Rd2
28. g6 a6 29. Qh7# 1-0

[Event "Rilton Cup 2013-14"]
[Site "Stockholm SWE"]
[Date "2014.01.05"]
[Round "9.23"]
[White "Olofsson-Dolk, Mattis"]
[Black "Zadruzny, Nicolaj"]
[Result "1/2-1/2"]
[WhiteElo "2070"]
[BlackElo "2251"]
[WhiteFideId "1715178"]
[BlackFideId "1709550"]
[EventDate "2013.12.27"]

1. d4 Nf6 2. c4 e6 3. Nc3 Bb4 4. e3 b6 5. Ne2 Ne4 6. Bd2 Nxd2 7. Qxd2 Bb7 8. a3
Bxc3 9. Nxc3 f5 10. d5 O-O 11. Bd3 e5 12. O-O d6 13. f4 e4 14. Be2 Nd7 15. Nb5
a5 16. b4 Nf6 17. Nd4 Bc8 18. bxa5 bxa5 19. Nc6 Qe8 20. Nxa5 Qa4 21. Nc6 Bd7 22.
Nd4 Rfb8 23. Qc3 Kf7 24. h3 g6 25. g4 Qa5 26. Qxa5 Rxa5 27. g5 Ng8 28. Rfc1 Ne7
29. Rc3 Ba4 30. Bd1 Ke8 31. Bxa4+ Rxa4 32. Nb5 Kd7 33. Rb1 Ra5 34. Rcb3 Nc8 35.
Nd4 Rxb3 36. Rxb3 Nb6 37. Rc3 Rc5 38. Rc2 Rxc4 39. Rxc4 Nxc4 40. Nc2 Kc8 41. Kf2
Kb7 42. h4 Nb6 43. Nb4 Nc4 44. Nc2 Nb6 45. Nb4 Nc4 46. Nc2 1/2-1/2

[Event "Rilton Cup 2013-14"]
[Site "Stockholm SWE"]
[Date "2014.01.05"]
[Round "9.24"]
[White "Ask, Josef"]
[Black "Johansson, Gunnar"]
[Result "0-1"]
[WhiteElo "2209"]
[BlackElo "2244"]
[WhiteFideId "1704583"]
[BlackFideId "1703501"]
[EventDate "2013.12.27"]

1. e4 c5 2. d4 cxd4 3. c3 Nf6 4. e5 Nd5 5. Nf3 e6 6. cxd4 d6 7. a3 Bd7 8. Bd3
Bc6 9. O-O Nd7 10. b4 a6 11. Re1 Be7 12. Nbd2 dxe5 13. dxe5 Nc3 14. Qc2 Rc8 15.
Qxc3 Bxf3 16. Qd4 Bc6 17. Nc4 O-O 18. Qg4 Re8 19. Re3 Nf8 20. Rg3 Ng6 21. h4
Bxh4 22. Rh3 f5 23. Qh5 Qd4 24. Ra2 Bd5 25. Rc2 Bxc4 26. Bb2 Qd5 27. Bxc4 Rxc4
28. Rxc4 Qxc4 29. g3 Rd8 30. Rh2 Qc2 31. Rg2 Qxb2 32. gxh4 Qa1+ 33. Kh2 Qxe5+
34. Kh1 Qe4 0-1

[Event "Rilton Cup 2013-14"]
[Site "Stockholm SWE"]
[Date "2014.01.05"]
[Round "9.25"]
[White "Johansen, Stian"]
[Black "Krantz, Christopher"]
[Result "0-1"]
[WhiteElo "2079"]
[BlackElo "2233"]
[WhiteFideId "1508121"]
[BlackFideId "1707876"]
[EventDate "2013.12.27"]

1. d4 d5 2. c4 c6 3. Nc3 Nf6 4. Nf3 a6 5. b3 b5 6. e3 Bg4 7. Bd3 e6 8. O-O Nbd7
9. h3 Bh5 10. Be2 Be7 11. a4 b4 12. Nb1 a5 13. Nbd2 O-O 14. Re1 c5 15. Bb2 Qb6
16. Qc2 Qb7 17. Rac1 Rac8 18. Qb1 cxd4 19. Bxd4 Nc5 20. Ne5 Bxe2 21. Rxe2 Rfd8
22. cxd5 Nxd5 23. Ndc4 Qa6 24. Nxf7 Kxf7 25. Qxh7 Bf6 26. Bxf6 Kxf6 27. e4 Rh8
28. e5+ Kf7 29. Nd6+ Qxd6 30. Qxh8 Rxh8 31. exd6 Nc3 32. Re3 Nxb3 33. Rf3+ Kg6
34. Rfxc3 bxc3 35. Rxc3 Nd4 36. Rd3 e5 37. Kf1 Kf5 38. Rc3 Rb8 39. g3 Ke6 40.
Rc5 Nb3 41. Rc7 Rg8 42. d7 Rd8 43. Rb7 Nd4 44. Rb6+ Kd5 45. Rb7 Kd6 0-1

[Event "Rilton Cup 2013-14"]
[Site "Stockholm SWE"]
[Date "2014.01.05"]
[Round "9.26"]
[White "Kassani, Sam"]
[Black "Trygstad, Kristian"]
[Result "1/2-1/2"]
[BlackTitle "FM"]
[WhiteElo "2095"]
[BlackElo "2228"]
[WhiteFideId "1709089"]
[BlackFideId "1501860"]
[EventDate "2013.12.27"]

1. d4 g6 2. Nf3 Bg7 3. Bf4 d6 4. e3 Nd7 5. h3 e5 6. Bh2 Qe7 7. Be2 Ngf6 8. O-O
O-O 9. c4 Ne4 10. Nbd2 Nxd2 11. Qxd2 b6 12. dxe5 Nxe5 13. Nxe5 dxe5 14. Qd5 Be6
15. Qc6 Rad8 16. Rfd1 Rxd1+ 17. Rxd1 Rd8 18. Bg3 h6 19. Rxd8+ Qxd8 20. Bf3 Qd7
21. Qxd7 1/2-1/2

[Event "Rilton Cup 2013-14"]
[Site "Stockholm SWE"]
[Date "2014.01.05"]
[Round "9.27"]
[White "Evertsson, Lennart"]
[Black "Lochte, Thomas"]
[Result "1-0"]
[WhiteElo "2186"]
[BlackElo "2110"]
[WhiteFideId "1705156"]
[BlackFideId "4606272"]
[EventDate "2013.12.27"]

1. c4 e5 2. Nc3 Nf6 3. g3 c6 4. d4 exd4 5. Qxd4 d5 6. Bg5 Be7 7. Bg2 dxc4 8.
Qxc4 Be6 9. Qa4 Qb6 10. Bxf6 Bxf6 11. Qc2 Na6 12. Ne4 Qb4+ 13. Kf1 Be7 14. Nf3
h6 15. Ne5 O-O 16. Nd3 Qb6 17. a3 Bb3 18. Qc3 f5 19. Nd2 Bf7 20. Rc1 Bf6 21. Qc2
Rad8 22. h4 Qd4 23. Nf3 Qd6 24. Bh3 Bd5 25. Bxf5 g6 26. Bxg6 Bxh4 27. Nf4 Bg5
28. Bh7+ Kg7 29. Nxg5 Rxf4 30. gxf4 Bxh1 31. Qc3+ Qf6 32. Ne6+ Kf7 33. Qxf6+ 1-0